| 000 | 00816nas a2200277 4500 | ||
|---|---|---|---|
| 001 | BR0900830 | ||
| 003 | BR-BrBNA | ||
| 005 | 20231205113114.0 | ||
| 007 | ta | ||
| 008 | 230509b bl.|||p| |||| 00| 00por d | ||
| 040 |
_aBR-BrBNA _bpor _cBiblioteca Nacional de Agricultura |
||
| 041 | _a(Pt) | ||
| 072 | _aH10 | ||
| 100 | 1 | _aSilva, R.V. | |
| 100 | 1 | _aOliveira, R.D.L. | |
| 100 | 1 | _aFerreira, P.S. | |
| 100 | 1 | _aCastro, D.B. | |
| 245 | 1 | _aEfeito do gene Mi na reprodução de populações de Meloidogyne exigua em tomateiro. | |
| 650 | _aTOMATE | ||
| 650 | _aPRAGA DE PLANTA | ||
| 650 | _aREPRODUÇÃO | ||
| 650 | _aGENE MI | ||
| 773 | 0 |
_tNematologia Brasileira (Brazil) _xISSN 0102-2997 _g(Jun 2008), v. 32(2) p. 150-153 _wBR0900830 |
|
| 909 |
_a202311 _bLúcia _c55 _dLúcia Elande |
||
| 942 |
_2AGRIS _n0 _cANA |
||
| 999 |
_c201874 _d201874 |
||